<?xml version="1.0" encoding="UTF-8"?>
<record
    xmlns:xsi="http://www.w3.org/2001/XMLSchema-instance"
    xsi:schemaLocation="http://www.loc.gov/MARC21/slim http://www.loc.gov/standards/marcxml/schema/MARC21slim.xsd"
    xmlns="http://www.loc.gov/MARC21/slim">

  <leader>00991nam a22001577a 4500</leader>
  <datafield tag="952" ind1=" " ind2=" ">
    <subfield code="0">0</subfield>
    <subfield code="1">0</subfield>
    <subfield code="2">lcc</subfield>
    <subfield code="4">0</subfield>
    <subfield code="7">0</subfield>
    <subfield code="a">08</subfield>
    <subfield code="b">08</subfield>
    <subfield code="d">2015-01-14</subfield>
    <subfield code="l">20</subfield>
    <subfield code="m">3</subfield>
    <subfield code="o">LC3965 F363 2011</subfield>
    <subfield code="p">08 005151</subfield>
    <subfield code="r">2022-03-24</subfield>
    <subfield code="s">2022-03-14</subfield>
    <subfield code="t">1</subfield>
    <subfield code="w">2015-01-14</subfield>
    <subfield code="y">LB</subfield>
  </datafield>
  <datafield tag="952" ind1=" " ind2=" ">
    <subfield code="0">0</subfield>
    <subfield code="1">0</subfield>
    <subfield code="2">lcc</subfield>
    <subfield code="4">0</subfield>
    <subfield code="7">0</subfield>
    <subfield code="a">08</subfield>
    <subfield code="b">08</subfield>
    <subfield code="d">2015-01-14</subfield>
    <subfield code="l">4</subfield>
    <subfield code="m">1</subfield>
    <subfield code="o">LC3965 F363 2011</subfield>
    <subfield code="p">08 005152</subfield>
    <subfield code="r">2021-12-16</subfield>
    <subfield code="s">2018-03-08</subfield>
    <subfield code="t">2</subfield>
    <subfield code="w">2015-01-14</subfield>
    <subfield code="y">LB</subfield>
  </datafield>
  <datafield tag="952" ind1=" " ind2=" ">
    <subfield code="0">0</subfield>
    <subfield code="1">0</subfield>
    <subfield code="2">lcc</subfield>
    <subfield code="4">0</subfield>
    <subfield code="7">0</subfield>
    <subfield code="a">08</subfield>
    <subfield code="b">08</subfield>
    <subfield code="d">2016-10-15</subfield>
    <subfield code="l">2</subfield>
    <subfield code="o">LC3965 F363 2011</subfield>
    <subfield code="p">08 004233</subfield>
    <subfield code="r">2020-03-11</subfield>
    <subfield code="s">2020-03-11</subfield>
    <subfield code="t">3</subfield>
    <subfield code="w">2016-10-15</subfield>
    <subfield code="y">LB</subfield>
  </datafield>
  <datafield tag="999" ind1=" " ind2=" ">
    <subfield code="c">95605</subfield>
    <subfield code="d">95605</subfield>
  </datafield>
  <controlfield tag="008">150114s2011    mx ||||| |||| 00| 0 spa d</controlfield>
  <datafield tag="020" ind1=" " ind2=" ">
    <subfield code="a">9786071709295</subfield>
  </datafield>
  <datafield tag="050" ind1="0" ind2="4">
    <subfield code="a">LC3965 </subfield>
    <subfield code="b">F363 2011</subfield>
  </datafield>
  <datafield tag="245" ind1="1" ind2="3">
    <subfield code="a">Determinaci&#xF3;n de las necesidades educativas especiales</subfield>
    <subfield code="c">/ Concepci&#xF3;n Fern&#xE1;ndez Azcorra...[et al.]</subfield>
  </datafield>
  <datafield tag="260" ind1=" " ind2=" ">
    <subfield code="a">M&#xE9;xico</subfield>
    <subfield code="b">: Editorial Trillas</subfield>
    <subfield code="c">, 2011</subfield>
  </datafield>
  <datafield tag="300" ind1=" " ind2=" ">
    <subfield code="a">286 p&#xE1;ginas</subfield>
  </datafield>
  <datafield tag="505" ind1=" " ind2=" ">
    <subfield code="a">Las necesidades educativas especiales (NEE)
La evaluaci&#xF3;n psicopedag&#xF3;gica (EPP)
Respuestas educativas a la NEE
Discapacidad auditiva
Discapacidad intelectual
Discapacidad motora (DMo)
Dificultades de aprendizaje
Alteraciones en la competencia comunicativa
Transtorno por d&#xE9;ficit de atenci&#xF3;n con hiperactividad (TDAH)
Capacidades sobresalientes
Actividades y apoyos para dar respuesta a las NEE de los alumnos con o sin discapacidad</subfield>
  </datafield>
  <datafield tag="519" ind1=" " ind2=" ">
    <subfield code="a">Plan Flexible /</subfield>
    <subfield code="b">Psicolog&#xED;a /</subfield>
    <subfield code="c">Educaci&#xF3;n Especial I (P14-1) /</subfield>
    <subfield code="d">(08 004233, 08 005152)</subfield>
  </datafield>
  <datafield tag="650" ind1="1" ind2="0">
    <subfield code="a">EDUCACI&#xD3;N ESPECIAL   </subfield>
  </datafield>
  <datafield tag="942" ind1=" " ind2=" ">
    <subfield code="2">lcc</subfield>
    <subfield code="c">LB</subfield>
  </datafield>
</record>
